| 000 | 00815 a2200217 4500 | ||
|---|---|---|---|
| 008 | 120830t xxu||||| |||| 00| 0 eng d | ||
| 010 | _aENG-85781 | ||
| 020 |
_a0195683641 _c295.00 |
||
| 035 | _aEN-69314 | ||
| 037 | _bD.B.Act / PUB | ||
| 082 | 1 | 4 | _a302.140954 |
| 100 | 1 |
_aPandey, Gyanendra _951787 |
|
| 245 | 1 |
_aThe construction of communalism in colonial North India _cby Gyanendra Pandey |
|
| 250 | _a2nd ed. | ||
| 260 |
_aNew Delhi _bOxford University Press _c2006 |
||
| 270 |
_aYMCA Library Building, Jai Singh Road, _bNew Delhi, Akshaya Prakashan _cDelhi _e110 001 |
||
| 300 |
_axxii, 320p. _c22cm (pbk) |
||
| 500 | _aIncludes bibliographical references and index | ||
| 942 |
_adpl _cEN _k302.140954 / PAN _2ddc |
||
| 999 |
_c3460 _d3460 |
||